01569nam a2200349 a 4500001001200000003000800012006001900020007001500039008004100054010001700095020001500112040002100127035002000148050002500168245012900193260005500322300001600377490002300393500018900416504004800605533015200653650005100805650003800856650003500894655002900929700003200958700002600990700002201016710001701038830003801055856012601093ebr10041080CaPaEBRm u cr cn|||||||||980730s1998 dcu sb 000 0 eng d z 98087275  z030906192X aCaPaEBRcCaPaEBR a(OCoLC)6783486714aHQ792.U5bL65 1998eb00aLongitudinal surveys of childrenh[electronic resource] /cKirsten K. West, Robert M. Hauser, and Terri M. Scanlan, editors. aWashington, D.C. :bNational Academy Press,c1998. axii, 111 p.1 aThe compass series a"Committee on National Statistics, Board on Children, Youth and Families, Commission on Behavioral and Social Sciences and Education, National Research Council, Institute of Medicine." aIncludes bibliographical references: p. 15. aElectronic reproduction.bPalo Alto, Calif. :cebrary,d2013.nAvailable via World Wide Web.nAccess may be limited to ebrary affiliated libraries. 0aChildrenzUnited StatesvLongitudinal studies. 0aChildrenzUnited StatesvSurveys. 0aSocial surveyszUnited States. 7aElectronic books.2local1 aWest, Kirstenq(Kirsten K.)1 aHauser, Robert Mason.1 aScanlan, Terri M.2 aebrary, Inc. 0aCompass series (Washington, D.C.)40uhttp://site.ebrary.com/lib/rucke/Doc?id=10041080zAn electronic book accessible through the World Wide Web; click to view